<?xml version="1.0" encoding="UTF-8"?>
<record
    xmlns:xsi="http://www.w3.org/2001/XMLSchema-instance"
    xsi:schemaLocation="http://www.loc.gov/MARC21/slim http://www.loc.gov/standards/marcxml/schema/MARC21slim.xsd"
    xmlns="http://www.loc.gov/MARC21/slim">

  <leader>01947am aa2200397i 44500</leader>
  <controlfield tag="003"> PE-LiUPU</controlfield>
  <controlfield tag="005">20251010115303.0</controlfield>
  <controlfield tag="008">    1700s2017    sp a     rba    000 0 spa d</controlfield>
  <datafield tag="020" ind1=" " ind2=" ">
    <subfield code="a">9788490827895</subfield>
  </datafield>
  <datafield tag="035" ind1=" " ind2=" ">
    <subfield code="a">PE-LiUPU000012</subfield>
  </datafield>
  <datafield tag="040" ind1=" " ind2=" ">
    <subfield code="a">PE-LiUPU</subfield>
    <subfield code="b">spa</subfield>
    <subfield code="c">PE-LiUPU</subfield>
    <subfield code="e">rda</subfield>
  </datafield>
  <datafield tag="041" ind1="0" ind2=" ">
    <subfield code="a">spa</subfield>
  </datafield>
  <datafield tag="082" ind1="0" ind2="4">
    <subfield code="a">617.0231</subfield>
    <subfield code="b">F363m</subfield>
    <subfield code="2">23</subfield>
  </datafield>
  <datafield tag="100" ind1=" " ind2=" ">
    <subfield code="a">Fern&#xE1;ndez Aedo, Irrintzi,</subfield>
    <subfield code="e">autor.</subfield>
    <subfield code="9">7146</subfield>
  </datafield>
  <datafield tag="245" ind1="1" ind2="0">
    <subfield code="a">Manual pr&#xE1;ctico de enfermer&#xED;a quir&#xFA;rgica :</subfield>
    <subfield code="b">gu&#xED;a r&#xE1;pida para el estudiante de enfermer&#xED;a en pr&#xE1;cticas /</subfield>
    <subfield code="c">coordinado por Irrintzi Fern&#xE1;ndez Aedo.</subfield>
  </datafield>
  <datafield tag="264" ind1=" " ind2="1">
    <subfield code="a">Leioa, Espa&#xF1;a :</subfield>
    <subfield code="b">Universidad del Pa&#xED;s Vasco, Servicio Editorial,</subfield>
    <subfield code="c">2017.</subfield>
  </datafield>
  <datafield tag="300" ind1=" " ind2=" ">
    <subfield code="a">199 p&#xE1;ginas ;</subfield>
    <subfield code="c">21 cm.</subfield>
  </datafield>
  <datafield tag="336" ind1=" " ind2=" ">
    <subfield code="a">texto</subfield>
    <subfield code="2">rdacontent</subfield>
  </datafield>
  <datafield tag="337" ind1=" " ind2=" ">
    <subfield code="a">sin mediaci&#xF3;n</subfield>
    <subfield code="2">rdamedia</subfield>
  </datafield>
  <datafield tag="338" ind1=" " ind2=" ">
    <subfield code="a">volumen</subfield>
    <subfield code="2">rdacarrier</subfield>
  </datafield>
  <datafield tag="500" ind1=" " ind2=" ">
    <subfield code="a">Incluye bibliograf&#xED;a recomendada al final del libro.</subfield>
  </datafield>
  <datafield tag="504" ind1=" " ind2=" ">
    <subfield code="a">Incluye referencias bibliogr&#xE1;ficas.</subfield>
  </datafield>
  <datafield tag="505" ind1="0" ind2=" ">
    <subfield code="a">Pr&#xF3;logo -- Bloque quir&#xFA;rgico -- Roles de la enfermer&#xED;a quir&#xFA;rgica -- Mesa quir&#xFA;rgica -- Cuidados de enfermer&#xED;a en anestesia -- Ventilador -- Instrumentaci&#xF3;n -- Laparoscopia -- Bistur&#xED; el&#xE9;ctrico -- Intensificador de im&#xE1;genes -- Posicionamiento quir&#xFA;rgico -- Bibliograf&#xED;a recomendada.</subfield>
  </datafield>
  <datafield tag="650" ind1="1" ind2="4">
    <subfield code="a">Enfermer&#xED;a quir&#xFA;rgica</subfield>
    <subfield code="9">747</subfield>
  </datafield>
  <datafield tag="650" ind1="2" ind2="4">
    <subfield code="a">Procedimientos quir&#xFA;rgicos.</subfield>
    <subfield code="9">7148</subfield>
  </datafield>
  <datafield tag="700" ind1=" " ind2=" ">
    <subfield code="a">Artetxe Ferrero, Ibon,</subfield>
    <subfield code="e">autor.</subfield>
    <subfield code="9">7149</subfield>
  </datafield>
  <datafield tag="700" ind1=" " ind2=" ">
    <subfield code="a">Ballesteros Pe&#xF1;a, Sendoa,</subfield>
    <subfield code="e">autor.</subfield>
    <subfield code="9">7150</subfield>
  </datafield>
  <datafield tag="700" ind1=" " ind2=" ">
    <subfield code="a">Vallejo De la Hoz, Gorka,</subfield>
    <subfield code="e">autor.</subfield>
    <subfield code="9">7151</subfield>
  </datafield>
  <datafield tag="700" ind1=" " ind2=" ">
    <subfield code="a">Gaztelu-Iturri Ortuoste, Ainhoa,</subfield>
    <subfield code="e">autor.</subfield>
    <subfield code="9">7152</subfield>
  </datafield>
  <datafield tag="700" ind1=" " ind2=" ">
    <subfield code="a">Maestre Mart&#xED;nez, Mar&#xED;a Teresa,</subfield>
    <subfield code="e">autor.</subfield>
    <subfield code="9">7153</subfield>
  </datafield>
  <datafield tag="710" ind1=" " ind2=" ">
    <subfield code="a">Universidad del Pa&#xED;s Vasco.</subfield>
    <subfield code="e">editor.</subfield>
    <subfield code="9">7154</subfield>
  </datafield>
  <datafield tag="856" ind1="4" ind2="0">
    <subfield code="u">https://www.ehu.eus/es/web/argitalpenak</subfield>
    <subfield code="z">Sitio web de la editorial.</subfield>
  </datafield>
  <datafield tag="942" ind1=" " ind2=" ">
    <subfield code="2">ddc</subfield>
    <subfield code="c">BK</subfield>
  </datafield>
  <datafield tag="980" ind1=" " ind2=" ">
    <subfield code="6">21515</subfield>
    <subfield code="a">ROMINA COBOS Adquisiciones</subfield>
    <subfield code="8">18226</subfield>
    <subfield code="g">Jaime Vilcaz&#xE1;n Jefe de An&#xE1;lisis Documental</subfield>
  </datafield>
  <datafield tag="999" ind1=" " ind2=" ">
    <subfield code="c">63106</subfield>
    <subfield code="d">63105</subfield>
  </datafield>
  <datafield tag="952" ind1=" " ind2=" ">
    <subfield code="r">2025-12-03 00:00:00</subfield>
    <subfield code="l">0</subfield>
    <subfield code="o">617.0231 F363m</subfield>
    <subfield code="p">82815</subfield>
    <subfield code="t">e1</subfield>
    <subfield code="v">55.00</subfield>
    <subfield code="w">2025-10-10</subfield>
    <subfield code="x">FCS</subfield>
    <subfield code="y">BK</subfield>
    <subfield code="1">0</subfield>
    <subfield code="2">ddc</subfield>
    <subfield code="5">0</subfield>
    <subfield code="7">0</subfield>
    <subfield code="8">GEN</subfield>
    <subfield code="f">P22</subfield>
    <subfield code="a">BUL</subfield>
    <subfield code="b">BUL</subfield>
    <subfield code="c">GEN</subfield>
    <subfield code="d">2025-10-09</subfield>
    <subfield code="e">COMPRA</subfield>
    <subfield code="g">50.00</subfield>
  </datafield>
</record>
